| 000 | 00534nam a22001337a 4500 | ||
|---|---|---|---|
| 008 | 250117b |||||||| |||| 00| 0 eng d | ||
| 020 | _a9798376161821 | ||
| 050 |
_aQA76.73 _b.P98R63 |
||
| 100 | _aRobbins, Philip | ||
| 245 |
_aPython programming for beginners : _bThe completeguide to mastering python in 7 days with hands- on exercises- top secret coding tips to get an unfair advantage and land your dream job /by _cPhilip Robbins |
||
| 260 |
_aGreat Britain _bAmazon _c2023 |
||
| 300 |
_a122p. _bIncludes References |
||
| 942 |
_2lcc _cBK |
||
| 999 |
_c20572 _d20571 |
||